000 00814nam a2200253Ia 4500
003 OSt
005 20220923223311.0
006 a|||||r|||| 00| 0
007 ta
008 220922b |||||||| |||| 00| 0 hin d
024 _a213,151
037 _cTextual
040 _aARTS
_cARTS
_bhin
041 _2hin
_ahin
082 _aO152,3N295x, M5
100 _aसिंह, शिव प्रसाद
245 0 _aअन्धकूप
_b सम्पूर्ण कहानियां
246 _aAndhakūpa: sampūrṇa kahāniyāan
260 _aदिल्ली
_c1985
300 _a354पृ.
_ccm.
650 _aहिन्दी साहित्य
_9156264
942 _hO152,3N295x, M5
_cTEXL
_2CC
999 _c363403
_d363403